Imagen de América (Record no. 3368)

MARC details
000 -CABECERA
campo de control de longitud fija 01076nam a2200313 a 4500
001 - NÚMERO DE CONTROL
campo de control BRCA_3633
003 - IDENTIFICADOR DEL NÚMERO DE CONTROL
campo de control FranzMayer
005 - FECHA Y HORA DE LA ÚLTIMA TRANSACCIÓN
campo de control 20230918131227.0
008 - DATOS DE LONGITUD FIJA--INFORMACIÓN GENERAL
campo de control de longitud fija 970527s1996 mx-a---##b---#000-0#spa-#
020 ## - NÚMERO INTERNACIONAL ESTÁNDAR DEL LIBRO
Número Internacional Estándar del Libro 9709178105
040 ## - FUENTE DE LA CATALOGACIÓN
Centro/agencia transcriptor MFM
041 ## - CÓDIGO DE LENGUA
Código de lengua del texto/banda sonora o título independiente spa
044 ## - CÓDIGO DEL PAÍS DE LA ENTIDAD EDITORA/PRODUCTORA
Código MARC del país mx
050 #4 - SIGNATURA TOPOGRÁFICA DE LA BIBLIOTECA DEL CONGRESO
Número de clasificación E141
Número de documento/Ítem .M66 1996
100 1# - ENTRADA PRINCIPAL--NOMBRE DE PERSONA
Nombre de persona Mompradé, Electra L.
9 (RLIN) 939
245 10 - MENCIÓN DE TÍTULO
Título Imagen de América
Mención de responsabilidad, etc. Electra L. Mompradé, Tonatiúh Gutiérrez O. ; prólogo Elías Trabulse.
260 ## - PUBLICACIÓN, DISTRIBUCIÓN, ETC.
Lugar de publicación, distribución, etc. México
Nombre del editor, distribuidor, etc. Transportación Marítima Mexicana
Fecha de publicación, distribución, etc. 1996
300 ## - DESCRIPCIÓN FÍSICA
Extensión 385 p.
Otras características físicas il. (algunas a color), mapas
Dimensiones 42 cm.
Material acompañante/anejo una hoja plegable
500 ## - NOTA GENERAL
Nota general Un ejemplar en Anexo 1
500 ## - NOTA GENERAL
Nota general 2do. ejemplar en el Área de Investigación
504 ## - NOTA DE BIBLIOGRAFÍA, ETC.
Nota de bibliografía, etc. Bibliografía: p. 363-365
650 14 - PUNTO DE ACCESO ADICIONAL DE MATERIA--TÉRMINO DE MATERIA
Término de materia o nombre geográfico como elemento de entrada Indígenas
Subdivisión general Trabajos Ilustrados
9 (RLIN) 1005
651 #4 - PUNTO DE ACCESO ADICIONAL DE MATERIA--NOMBRE GEOGRÁFICO
Nombre geográfico América
Subdivisión general Trabajos Ilustrados
9 (RLIN) 9426
651 #4 - PUNTO DE ACCESO ADICIONAL DE MATERIA--NOMBRE GEOGRÁFICO
Nombre geográfico América
Subdivisión general Descubrimiento y exploración
9 (RLIN) 584
651 #4 - PUNTO DE ACCESO ADICIONAL DE MATERIA--NOMBRE GEOGRÁFICO
Nombre geográfico América
Subdivisión general Descripción y viajes
9 (RLIN) 9427
700 1# - PUNTO DE ACCESO ADICIONAL--NOMBRE DE PERSONA
Nombre de persona Gutiérrez O., Tonatiúh
Fechas asociadas al nombre 1929-
9 (RLIN) 9428
700 1# - PUNTO DE ACCESO ADICIONAL--NOMBRE DE PERSONA
Nombre de persona Trabulse, Elías
9 (RLIN) 546
942 ## - ELEMENTOS DE PUNTO DE ACCESO ADICIONAL (KOHA)
Fuente del sistema de clasificación o colocación Library of Congress Classification
Tipo de ítem Koha Libros
Holdings
Estado de retiro Estado de pérdida Estado dañado No para préstamo Localización permanente Ubicación/localización actual Fecha de adquisición Total de préstamos Signatura topográfica completa Código de barras Fecha visto por última vez Precio válido a partir de Tipo de ítem Koha Código de colección Fuente del sistema de clasificación o colocación
El ejemplar forma parte de la colección y puede ser consultado según las políticas vigentes.       Biblioteca del Museo Franz Mayer (Rogerio Casas-Alatriste) Biblioteca del Museo Franz Mayer (Rogerio Casas-Alatriste) 26/08/2009   E141 .M66 1996 00199 22/03/2019 22/03/2019 Libros    
El ejemplar forma parte de la colección y puede ser consultado según las políticas vigentes.       Biblioteca del Museo Franz Mayer (Rogerio Casas-Alatriste) Biblioteca del Museo Franz Mayer (Rogerio Casas-Alatriste) 02/02/2012   E141 .M66 1996 02643 22/03/2019 22/03/2019 Libros Acervo General  
El ejemplar forma parte de la colección y puede ser consultado según las políticas vigentes.       Biblioteca del Museo Franz Mayer (Rogerio Casas-Alatriste) Biblioteca del Museo Franz Mayer (Rogerio Casas-Alatriste) 08/09/2023   E141 .M66 1996 CONT10212 08/09/2023 08/09/2023 Libros Fondo Contemporáneo Library of Congress Classification